Bytový dom
Salvato in:
| Autore principale: | |
|---|---|
| Altri autori: | |
| Natura: | Manoscritto Libro |
| Lingua: | slovacco |
| Pubblicazione: |
2015
|
| Soggetti: | |
| Accesso online: | http://is.stuba.sk/zp/portal_zp.pl?podrobnosti=107950 https://opac.crzp.sk/?fn=detailBiblioForm&sid=203CA706F79D2AD72AA9ACC65647 |
| Tags: |
Nessun Tag, puoi essere il primo ad aggiungerne!!
|
MARC
| LEADER | 00000ntm a22000003a 4500 | ||
|---|---|---|---|
| 001 | stuzp50517 | ||
| 003 | SK-STU | ||
| 005 | 20230817132107.6 | ||
| 007 | ta | ||
| 008 | 150427s2015----xo-----f-mn---000-0-slo-d | ||
| 040 | |a STU |b slo | ||
| 041 | 0 | |a slo | |
| 100 | 1 | |a Rácz, Attila |u 010180 |4 aut |U SvF Stavebná fakulta |T SvF Katedra konštrukcií pozemných stavieb |X 9728 |U V180 |Y 18 |7 9728 | |
| 242 | 0 | 1 | |a Residential house |y eng |
| 245 | 1 | 0 | |a Bytový dom |
| 260 | |c 2015 | ||
| 650 | 4 | |a budova na bývanie |2 slo | |
| 650 | 4 | |a projekt pre realizáciu stavby |2 slo | |
| 650 | 4 | |a výkresová dokumentácia |2 slo | |
| 650 | 4 | |a dwelling building |2 eng | |
| 650 | 4 | |a project for building construction |2 eng | |
| 650 | 4 | |a drawing documentation |2 eng | |
| 700 | 1 | |a Doležel, Miloslav |4 ths |X 27334 |7 A000027334 | |
| 856 | 4 | |u http://is.stuba.sk/zp/portal_zp.pl?podrobnosti=107950 | |
| 856 | 4 | |u https://opac.crzp.sk/?fn=detailBiblioForm&sid=203CA706F79D2AD72AA9ACC65647 | |
| SQL | |a stuzp50517 |b DBP |c SLO |d Bytový dom |e 9728 |f Rácz, Attila |g 010180 |h 27334 |i Doležel, Miloslav |j 20150624 |k 4 |l 01 |m http://is.stuba.sk/zp/portal_zp.pl?podrobnosti=107950 |n B-PSA |o 5.1.4. pozemné stavby, 5.1.1. architektúra a urbanizmus | ||